| 000 | 01116nam0a22002531 4500 | ||
|---|---|---|---|
| 001 | rc\1017871 | ||
| 005 | 20260406153724.0 | ||
| 035 | _a(NLR Aleph) 006182831 | ||
| 090 |
_a6083894 _c6083894 |
||
| 100 | _a20041129d1981 |||y0rusy50 ca | ||
| 101 | 0 | _arus | |
| 102 | _aRU | ||
| 105 | _ay ||||||||| | ||
| 200 | 1 |
_aМетодические рекомендации по планированию социального развития рыбной промышленности _fМ-во рыб. хоз-ва СССР, Центр по НОТ и управления пр-вом в рыб. хоз-ве _g[Выполн. Голубев П.А. и др.] |
|
| 210 |
_aМ. _cБ. и. _d1981 |
||
| 215 |
_a75 с. _d20 |
||
| 320 | _aБиблиогр.: с. 73 | ||
| 702 | 1 |
_aГолубев _bП.А. _4570 |
|
| 712 | 0 | 2 |
_aЦентр по научной организации труда и управления производством в рыбном хозяйстве _cМосква _9353677 _3RU\NLR\AUTH\889929077 |
| 801 | 0 |
_aRU _bNLR _gpsbo |
|
| 801 | 1 |
_aRU _bELAR _2rusmarc |
|
| 852 |
_aNLR _j82-4/8006 |
||
| 942 | _cBOOK | ||
| 980 | _aNB | ||